000 00814cam a2200265u 4500
001 18698
003 BD-RjUL
005 20211209000325.0
008 147022s1922 ctuc 001 0 eng
035 _a(BD-RjUL)18756
040 _aDLC
_cCarP
_dDLC
_dBD-RjUL
_beng
041 _aeng
082 _a821.3
_bBRJ
100 1 _aBradley, Jesse Franklin, [from old catalog]
_957596
245 1 4 _aThe Johnson allusion-book /
260 _aNew Haven :
_bYale university press ,
_c1922.
300 _a466 p. ;
_c24 cm.
600 1 0 _aJonson, Ben,
_d1573?-1637
_xAllusions.
_957606
650 _aEnglish Literature
_957598
700 1 _aAdams, Joseph Quincy,
_d1881-1946,
_ejoint ed.
_957599
856 4 1 _uhttp://hdl.loc.gov/loc.gdc/scd0001.00140932735
942 _2ddc
_cBK
999 _c18698
_d18698